000 01072cam a2200229 4500
001 ABS66156
008 021121n2002 000 0 eng u
035 _a(Sirsi) u120542
100 _aWaller, A
245 _aData is the bricks and mortar of valuation
260 _c2002
490 _aEstates Gazette
_v(0246) 16 November 2002, 181(1)
520 _aExamines property data and its accuracy and use. Notes that there is increasing use of data standards such as PISCES but argues that these systems are only useful if the data imputed into them is accurate. A recent survey by Ernst and Young has shown that over 40% of users do not trust the data in their own systems. Describes the processes of data cleansing and transfer which can be an expensive and time consuming process.
590 _aABS
650 _aPROPERTY DATA
650 _aPROPERTY INDUSTRY SYSTEMS COMMON EXCHANGE STANDARD
650 _aDATA STANDARDS
650 _aDATA CLEANSING
650 _aDATA TRANSFER
690 _aMANAGEMENT-BUSINESS MANAGEMENT-INFORMATION MANAGEMENT
942 _n0
999 _c71615
_d71615